Richest and Poorest Pennsylvania Counties Quiz Stats

 Plays Quiz not verified by Sporcle

Challenge
Share
Tweet
Embed
Score 0/20 Timer 05:00
0 Plays Today
Per Capita Income County % Correct
$27,430Bucks
73.1%
$46,917Chester
67.3%
$22,491Allegheny
65.7%
$30,898Montgomery
64.1%
$25,040Delaware
58.1%
$21,232Berks
55.3%
$22,134Dauphin
45%
$21,897Lehigh
43.3%
$14,959Greene
37.2%
$15,274Fayette
32.2%
Per Capita Income County % Correct
$15,178Somerset
30.2%
$15,549Tioga
30%
$14,314Forest
29.7%
$21,399Northampton
28.7%
$23,610Cumberland
27.6%
$15,312Indiana
25.9%
$15,709Armstrong
21.5%
$15,243Clarion
20.6%
$15,553Mifflin
20.1%
$15,379Huntingdon
17.1%

You're not logged in!

Compare scores with friends on all Sporcle quizzes.
OR
Log In

You Might Also Like...

Show Comments

Extras

Top Quizzes Today


Score Distribution

Your Account Isn't Verified!

In order to create a playlist on Sporcle, you need to verify the email address you used during registration. Go to your Sporcle Settings to finish the process.

Report this User

Report this user for behavior that violates our Community Guidelines.

Details: